Les personnalités de 2024 - Statistiques

Statistiques générales
  • Ce quiz a été pris 147 fois
  • Le résultat moyen est 7 sur 16
Statistiques - réponses
Par images Réponse % Correct
Donald Trump
96%
Léon Marchand
92%
Gisèle Pélicot
88%
Pierre
80%
Philippe Katerine
78%
Sean Combs
73%
Simone Biles
53%
Paul Watson
46%
Alexeï Navalny
26%
Boualem Sansal
22%
Imane Khelif
19%
Claudia Sheinbaum
12%
Ahmed al-Chareh
10%
Ebrahim Raïssi
5%
Salomé Zourabichvili
5%
Christian Tein
4%
Aucun quiz correspondant
Distribution des résultats
% des personnes avec chaque résultat
Percentile par nombre de réponses
Votre historique - résultats
Vous n’avez pas pris ce quiz